| 000 | 01397naa a22003737a 4500 | ||
|---|---|---|---|
| 001 | BR7908053 | ||
| 003 | BR-BrBNA | ||
| 005 | 20240918174519.0 | ||
| 007 | ta | ||
| 008 | 230509b bl.||||| |||| 00| 0 por d | ||
| 040 |
_aBR-BrBNA _bpor _cBiblioteca Nacional de Agricultura |
||
| 041 | _a(Pt) | ||
| 072 |
_aL30; L10 _b5214 |
||
| 090 | _aL30 BR7908053 | ||
| 100 | 1 | _aCaielli, E.L. | |
| 111 | 1 |
_a2. Simposio sobre Pecuaria Leiteira _cSao Jose dos Campos, SP (Brazil) _d27-29 Nov 1979 |
|
| 245 | 1 | _aNiveis nutricionais e eficiencia reprodutiva de touros e matrizes | |
| 260 | 3 |
_aCampinas, SP (Brasil): _c1979. |
|
| 500 | _aLucci, C. de S.; Moura, J.C. de; Santos, J.M. dos (eds.) Anais do 2. Simposio sobre Pecuaria Leiteira Campinas, SP (Brasil): 1979. p. 119-144 (BR7908053-AM)L30 | ||
| 650 | _aGADO LEITEIRO | ||
| 650 | _aTOURO | ||
| 650 | _aMATRIZ | ||
| 650 | _aNUTRICAO ANIMAL | ||
| 650 | _aCONSUMO | ||
| 650 | _aEXIGENCIA NUTRICIONAL | ||
| 650 | _aSUPLEMENTO CONCENTRADO | ||
| 650 | _aEFICIENCIA REPRODUTIVA | ||
| 650 | _aLACTACAO | ||
| 650 | _aPRENHEZ | ||
| 650 | _aPRODUCAO LEITEIRA | ||
| 773 | 0 |
_tAnais do 2. Simposio sobre Pecuaria Leiteira _aLucci, C. de S.; Moura, J.C. de; Santos, J.M. dos (eds.). Fundacao Cargill, Campinas, SP (Brasil) _wL30 BR7908053 _gCampinas, SP (Brasil), 1979. p. 119-144 |
|
| 909 |
_a202404 _bLucia _c55 _dLucia Elande |
||
| 942 |
_cAM _2AGRIS |
||
| 999 |
_c311705 _d311705 |
||